| 000 | 00831cam a22002295a 4500 | ||
|---|---|---|---|
| 001 | L157858 | ||
| 008 | 130614s2012 xxk f 000 0 eng d | ||
| 020 | _a9781907624322 | ||
| 035 | _a(Sirsi) u157858 | ||
| 041 | 0 | _aeng | |
| 100 | 1 | _aRodell, Anne | |
| 245 | 0 | 0 |
_aCommercial property _h[electronic resource] |
| 260 |
_aLondon _bCollege of Law _c2012 |
||
| 300 | _aeBook | ||
| 520 | _aPart 1 deals with aspects of site acquisition including raising finance, contractural matters, planning, environment and taxation. Part 2 focuses on landlord and tenant and Part 3 on insolvency issues. | ||
| 590 | _aKA | ||
| 650 | 2 | 4 | _aEBOOK |
| 651 | 4 | _aENGLAND AND WALES | |
| 690 |
_aCommercial property _96227 |
||
| 856 | 4 | 0 |
_uhttps://www.vlebooks.com/ _zView on VLEbooks. Logins for members only from [email protected] |
| 942 | _n0 | ||
| 999 |
_c115001 _d115001 |
||